000 00921nam a22002417a 4500
008 240619b mp ||||| |||| 00| 0 mon d
020 _a978-99973-1-860-2
035 _a24303
040 _aUV1862160
_bmon
_cMN-UlNLM
_dMN-UlNLM
_erda
041 _amon
042 _a54276
082 _210-t
_a821
_bВ.62
100 _aВиллиамс Д.
245 0 _aТэрбумтан хүү
264 _aУБ
_bМонсудар ХГ
_c2020
300 _a300х.
336 _2rdacontent
_atext
_btxt
337 _2rdamedia
_aunmediated
_bn
338 _2rdacarrier
_avolume
_bnc
650 _aЖоёыг жаргалтай болгох маш олон зүйл бий. Түүнд хувийн кино театр, боулингийн газар, бүр орангутан сармагчин хүртэл байдаг. Тэр ...
942 _210-t
_cBK
999 _c925332
_d925389